| 000 | 00995 a2200193 4500 | ||
|---|---|---|---|
| 003 | Nust | ||
| 005 | 20230901084845.0 | ||
| 020 | _c0898382769 | ||
| 040 | _cNust | ||
| 082 | _a621.3815324,JAC | ||
| 100 |
_aLeland B. jackson _997187 |
||
| 245 |
_aDigital Filters and Signal Processing / _cLeland B Jackson, |
||
| 250 | _a2nd ed | ||
| 260 |
_aBoston _bKluwer Academic _c1989 |
||
| 300 | _a410p | ||
| 505 | _aIntroduction, Terminology and Motivation (Page-1), Discrete Time Signals and Systems (Page-3), The z Transform (Page-19), Input /output Relationship (Page-39), Discrete Time Network (Page-71), Sampling Continuous Time Signals (Page-105), Discrete Fourier transform (Page-133), IIR Filter Design by Transformation (Page-187), FIR Filter Design Techniques (Page-223), Filter Design by Modeling (Page-249), Quantization Effect (Page-297), Digital Filter Implementation (Page-343), Filter and Systems Examples (Page-365), | ||
| 650 | _aTelecommunication Engineering. | ||
| 942 |
_cREF _2ddc |
||
| 999 |
_c193488 _d193488 |
||